| 000 | 01391cam a22003497a 4500 | ||
|---|---|---|---|
| 003 | CHAP | ||
| 005 | 20220329142611.0 | ||
| 008 | 020326d2002 mx bd r 00110 spa d | ||
| 010 | _a85521 | ||
| 011 | _a86493 | ||
| 035 | _a97031 | ||
| 040 | _cCHAP | ||
| 090 | _aTesis | ||
| 100 | 0 | 0 |
_aMorales Martínez, Jorge Alberto. _978328 |
| 245 | 1 | 0 |
_aProyecto de factibilidad técnico económica para la instalación de una planta productora de champiñon (Agaricus bisporus) en el municipio de Pénjamo, Guanajuato _c/por Jorge Alberto Morales Martínez |
| 260 |
_aChapingo, Méx. : _bEl autor, _c2002 |
||
| 300 |
_a120 h. : _bgráfs. ; mapas ; cuadros ; diagrama ; organigrama |
||
| 502 | _aTesis (Ing. Agroindustrial) -- UACH. Departamento de Ingeniería Agroindustrial | ||
| 590 |
_aALEPH _b10 _c20130110 _lUCH01 _h1446 |
||
| 590 |
_aBATCH-UPD _b10 _c20130110 _lUCH01 _h0755 |
||
| 590 |
_aBATCH-UPD _b10 _c20130410 _lUCH01 _h0434 |
||
| 590 |
_aBATCH-UPD _b10 _c20130914 _lUCH01 _h1329 |
||
| 590 |
_aCONVERSION _b10 _c20130109 _lUCH01 _h1347 |
||
| 650 | 1 | 4 |
_aAgaricus bisporus. _91063 |
| 650 | 1 | 4 |
_aEstudios de factibilidad. _938520 |
| 650 | 1 | 4 |
_aHongos comestibles. _956124 |
| 901 | _aBK | ||
| 905 | _aMarco A. Mendoza T. | ||
| 942 | _cFOLL | ||
| 949 |
_aTesis _bBC _cTES _d33724000861191 _eTS2 _fc.2 _gDonaciØn _h39387 _i97031 _si |
||
| 949 |
_aTesis _bBC _cTES _d970311 _eTS1 _gDonaciØn _h39386 _i97031 _sb |
||
| 999 |
_c85521 _d85521 |
||